[Event "XXXII C.to Italiano femminile"]
[Site "Bratto - Castione della Presolana ITA"]
[Date "2005.08.22"]
[Round "3"]
[White "De Rosa, Mariagrazia"]
[Black "Tonel, Giulia"]
[Result "1-0"]
[WhiteElo "2100"]
[BlackElo "1793"]
[PlyCount "55"]
[EventDate "2005.08.20"]

1. e4 e5 2. Nf3 Nc6 3. d4 exd4 4. Nxd4 Bc5 5. Nb3 Bb6 6. Nc3 Qf6 7. Qe2 Nge7 8.
Be3 Nd4 9. Nxd4 Bxd4 10. Bxd4 Qxd4 11. Rd1 Qb4 12. Qb5 Nc6 13. a3 Qe7 14. Be2
O-O 15. O-O a6 16. Qh5 d6 17. Nd5 Qd8 18. f4 f5 19. e5 dxe5 20. Nb6 Qe7 21.
Nxa8 Be6 22. Nxc7 Qxc7 23. fxe5 Nxe5 24. Qg5 Qb6+ 25. Kh1 Qxb2 26. Qe7 Bc8 27.
Rd8 Ng6 28. Bc4+ 1-0

[Event "XXXII C.to Italiano femminile"]
[Site "Bratto - Castione della Presolana ITA"]
[Date "2005.08.22"]
[Round "3"]
[White "Lai, Silvia"]
[Black "Mosca, Giulia"]
[Result "1/2-1/2"]
[WhiteElo "1748"]
[BlackElo "1566"]
[PlyCount "46"]
[EventDate "2005.08.20"]

1. e4 c6 2. d4 d5 3. e5 Bf5 4. Nf3 e6 5. Bd3 Bxd3 6. Qxd3 Nd7 7. Be3 Qc7 8.
Nbd2 c5 9. c3 Ne7 10. h3 h6 11. Nh2 cxd4 12. Bxd4 Nc6 13. f4 Nxd4 14. cxd4 Bb4
15. O-O Bxd2 16. Qxd2 f5 17. g4 g6 18. Qg2 Nb6 19. gxf5 gxf5 20. Rac1 Qf7 21.
Rc3 Rg8 22. Rg3 Rxg3 23. Qxg3 Rc8 1/2-1/2

[Event "XXXII C.to Italiano femminile"]
[Site "Bratto - Castione della Presolana ITA"]
[Date "2005.08.22"]
[Round "3"]
[White "Merendino, Elda"]
[Black "Matta, Francesca"]
[Result "0-1"]
[WhiteElo "1556"]
[BlackElo "1860"]
[PlyCount "72"]
[EventDate "2005.08.20"]

1. d3 d5 2. Nf3 c5 3. g3 Nc6 4. Bg2 e5 5. O-O Nf6 6. Re1 Be7 7. c3 Bg4 8. Bg5
O-O 9. Qb3 Qd7 10. c4 d4 11. Nfd2 h6 12. Bxf6 Bxf6 13. Ne4 Be7 14. f3 Be6 15.
Nbd2 f5 16. Nf2 Bg5 17. Rad1 Rab8 18. Nf1 b5 19. a3 Na5 20. Qc2 bxc4 21. Rb1
Bf6 22. h4 Rb5 23. Nd2 cxd3 24. exd3 Rc8 25. Nc4 Nxc4 26. dxc4 Rb6 27. Nd3 Qc7
28. Bh3 e4 29. Nf4 Bxh4 30. Nxe6 Qxg3+ 31. Qg2 Qxg2+ 32. Kxg2 Bxe1 33. Rxe1
Rxe6 34. fxe4 Rce8 35. Bxf5 Re5 36. Kf2 Rf8 0-1

[Event "XXXII C.to Italiano femminile"]
[Site "Bratto - Castione della Presolana ITA"]
[Date "2005.08.22"]
[Round "3"]
[White "Reginato, Sabrina"]
[Black "Panella, Fiammetta"]
[Result "0-1"]
[WhiteElo "1670"]
[BlackElo "1922"]
[PlyCount "46"]
[EventDate "2005.08.20"]

1. e4 c5 2. Nf3 e6 3. d4 cxd4 4. Nxd4 a6 5. Nc3 Qc7 6. Be3 Bb4 7. Qd3 Nf6 8. f3
Nc6 9. O-O-O Ne5 10. Qd2 Nc4 11. Bxc4 Qxc4 12. Qd3 Qc7 13. g4 Bxc3 14. Qxc3
Qxc3 15. bxc3 d5 16. e5 Nd7 17. f4 b6 18. Nb3 Bb7 19. Rd3 d4 20. Rhd1 dxe3 21.
Rxd7 e2 22. Rxb7 exd1=Q+ 23. Kxd1 O-O-O+ 0-1

[Event "XXXII C.to Italiano femminile"]
[Site "Bratto - Castione della Presolana ITA"]
[Date "2005.08.22"]
[Round "3"]
[White "Santurbano, Maria Vincenza"]
[Black "Di Cerbo, Giulia"]
[Result "1-0"]
[WhiteElo "2001"]
[BlackElo "1763"]
[PlyCount "109"]
[EventDate "2005.08.20"]

1. e4 e6 2. d4 d5 3. Nd2 Nf6 4. e5 Nfd7 5. Ngf3 c5 6. c3 Nc6 7. Be2 Be7 8. h4
Qb6 9. Qb3 Qxb3 10. Nxb3 b6 11. Bf4 Bb7 12. a4 c4 13. Nbd2 O-O 14. O-O a6 15.
b4 cxb3 16. Nxb3 Rfc8 17. Rfc1 Na7 18. h5 Rc7 19. Nfd2 b5 20. Na5 Bc8 21. Nf3
Nb6 22. axb5 Nxb5 23. c4 dxc4 24. Nxc4 Nd5 25. Bd2 Bd7 26. Ba5 Nf4 27. Bf1 Rc6
28. Nb6 Ba3 29. Rxc6 Bxc6 30. Nxa8 Bxa8 31. Bxb5 axb5 32. Rxa3 h6 33. Bd2 Ne2+
34. Kf1 Bxf3 35. gxf3 Nxd4 36. Kg2 Nc6 37. f4 Kh7 38. Ra6 Nd4 39. Rb6 g6 40.
hxg6+ Kxg6 41. Be3 Nf5 42. Rxb5 h5 43. Kh3 f6 44. exf6 Kxf6 45. Bb6 Kg6 46. Bd8
Nd4 47. Rg5+ Kh6 48. Bf6 Ne2 49. Bg7+ Kh7 50. Be5 Kh6 51. Kh4 Nc1 52. Rxh5+ Kg6
53. Kg4 Nd3 54. Rg5+ Kh6 55. Bd4 1-0

[Event "XXXII C.to Italiano femminile"]
[Site "Bratto - Castione della Presolana ITA"]
[Date "2005.08.22"]
[Round "3"]
[White "Sautto, Alessandra"]
[Black "Zanaboni, Alessandra"]
[Result "1-0"]
[WhiteElo "1958"]
[BlackElo "1599"]
[PlyCount "80"]
[EventDate "2005.08.20"]

1. e4 c5 2. Nf3 d6 3. d4 cxd4 4. Nxd4 Nf6 5. Nc3 e6 6. Bg5 Be7 7. Bc4 O-O 8. f3
Bd7 9. h4 Nc6 10. Qd2 a6 11. O-O-O b5 12. Nxc6 Bxc6 13. Bf1 Ne8 14. Bxe7 Qxe7
15. Ne2 d5 16. exd5 Bxd5 17. Nc3 Rd8 18. Qe3 Qb7 19. h5 h6 20. Be2 Nc7 21. g4
b4 22. Nxd5 Nxd5 23. Qe5 a5 24. g5 Qb8 25. Qxb8 Rxb8 26. gxh6 Nf4 27. Bc4 gxh6
28. Rh4 e5 29. Rd6 Kh7 30. Rd7 Kg7 31. Rg4+ Kf6 32. Rd6+ Ne6 33. Bxe6 fxe6 34.
Rg6+ Kf5 35. Rdxe6 Rb5 36. Rxh6 Kg5 37. Reg6+ Kh4 38. Rg4+ Kh3 39. Rhg6 Rxf3
40. Rg1 e4 1-0

[Event "XXXII C.to Italiano femminile"]
[Site "Bratto - Castione della Presolana ITA"]
[Date "2005.08.22"]
[Round "3"]
[White "Tomba, Patrizia"]
[Black "Brunello, Roberta"]
[Result "0-1"]
[WhiteElo "1622"]
[BlackElo "1837"]
[PlyCount "114"]
[EventDate "2005.08.20"]

1. e4 e5 2. Nf3 Nc6 3. Bb5 d6 4. O-O Nf6 5. Re1 Bd7 6. d4 Be7 7. dxe5 dxe5 8.
Nbd2 O-O 9. Nf1 a6 10. Ba4 b5 11. Bb3 Bg4 12. Qxd8 Raxd8 13. N1d2 Bd6 14. h3
Bh5 15. c3 Na5 16. Bc2 Nb7 17. Nh2 Bc5 18. Ndf3 Nd7 19. Be3 Bxe3 20. Rxe3 c5
21. a4 f6 22. axb5 axb5 23. Ra7 Rb8 24. Nh4 Bg6 25. Nxg6 hxg6 26. Nf3 c4 27.
Nh4 Kh7 28. Rg3 Nbc5 29. Ra1 g5 30. Nf5 Rfd8 31. Ne3 Ra8 32. Ra3 Rxa3 33. bxa3
Ra8 34. Nd5 Rxa3 35. Re3 Ra1+ 36. Kh2 Ra2 37. Nb4 Ra3 38. f3 Na4 39. Nd5 Nb2
40. Kg3 Nc5 41. Nb4 Na6 42. Nd5 b4 43. cxb4 Rxe3 44. Nxe3 Nxb4 45. Kf2 Kg6 46.
Ke2 c3 47. Bb3 Nc6 48. Nd5 Nd4+ 49. Ke3 Nxb3 50. Nxc3 Nd4 51. Nd5 Nc4+ 52. Kd3
Na5 53. Ne7+ Kf7 54. Nf5 g6 55. Nd6+ Ke6 56. Nc4 Nxc4 57. Kxc4 Ne2 0-1

[Event "XXXII C.to Italiano femminile"]
[Site "Bratto - Castione della Presolana ITA"]
[Date "2005.08.22"]
[Round "3"]
[White "Varagnolo, Silvia"]
[Black "Arnetta, Maria Teresa"]
[Result "1/2-1/2"]
[WhiteElo "1643"]
[BlackElo "2004"]
[PlyCount "53"]
[EventDate "2005.08.20"]

1. e4 c5 2. Nc3 Nc6 3. g3 e6 4. Bg2 Nf6 5. d3 Be7 6. Be3 O-O 7. h3 d5 8. exd5
exd5 9. d4 Re8 10. Nge2 c4 11. O-O Be6 12. Nf4 Bb4 13. Nxe6 fxe6 14. Ne2 Ba5
15. c3 Bc7 16. Nf4 Bxf4 17. Bxf4 b5 18. a3 a5 19. Re1 Ra7 20. Bg5 Rf7 21. Re2
h6 22. Bxf6 Rxf6 23. Qd2 Qd7 24. Rae1 Qd6 25. Re3 b4 26. axb4 axb4 27. h4
1/2-1/2

[Event "XXXII C.to Italiano femminile"]
[Site "Bratto - Castione della Presolana ITA"]
[Date "2005.08.23"]
[Round "4"]
[White "Ambrosi, Eleonora"]
[Black "Sautto, Alessandra"]
[Result "1-0"]
[WhiteElo "2118"]
[BlackElo "1958"]
[PlyCount "95"]
[EventDate "2005.08.20"]

1. e4 d5 2. exd5 Qxd5 3. Nc3 Qd6 4. d4 c6 5. g3 Bf5 6. Bg2 e6 7. Nf3 Qc7 8. O-O
Nd7 9. Qe2 Ngf6 10. h3 Bd6 11. Nh4 Bg6 12. Nxg6 hxg6 13. d5 Nxd5 14. Nxd5 cxd5
15. Bxd5 O-O-O 16. Bg2 e5 17. c4 Kb8 18. b4 e4 19. Qxe4 Rde8 20. Qc2 Re7 21.
Bd2 Rhe8 22. Rae1 Be5 23. c5 f5 24. Bc3 Bxc3 25. Qxc3 f4 26. Rxe7 Rxe7 27. Re1
Rxe1+ 28. Qxe1 fxg3 29. Qe8+ Qc8 30. Qxc8+ Kxc8 31. fxg3 Ne5 32. Be4 Kc7 33.
Kf2 b6 34. Ke3 bxc5 35. bxc5 g5 36. Kd4 Nd7 37. Bf3 a5 38. Kd5 a4 39. a3 Nf6+
40. Kc4 Nd7 41. Bd1 Ne5+ 42. Kd5 Nd3 43. Bxa4 Nf2 44. h4 gxh4 45. gxh4 g5 46.
hxg5 Nh3 47. Bb5 Nxg5 48. a4 1-0

[Event "XXXII C.to Italiano femminile"]
[Site "Bratto - Castione della Presolana ITA"]
[Date "2005.08.23"]
[Round "4"]
[White "Arnetta, Maria Teresa"]
[Black "Zanaboni, Alessandra"]
[Result "1-0"]
[WhiteElo "2004"]
[BlackElo "1599"]
[PlyCount "47"]
[EventDate "2005.08.20"]

1. e4 c5 2. c3 d6 3. d4 cxd4 4. cxd4 e6 5. Nc3 Nf6 6. Nf3 Be7 7. Bg5 a6 8. Bd3
O-O 9. O-O b5 10. e5 dxe5 11. dxe5 Nfd7 12. Ne4 Bb7 13. Bf4 Nc6 14. a3 Rc8 15.
Qe2 Re8 16. Rfd1 Qc7 17. Nd6 Bxd6 18. exd6 Qd8 19. Bg5 f6 20. Qe4 f5 21. Qh4
Nf6 22. Bxf6 Qxf6 23. Qxf6 gxf6 24. d7 1-0

[Event "XXXII C.to Italiano femminile"]
[Site "Bratto - Castione della Presolana ITA"]
[Date "2005.08.23"]
[Round "4"]
[White "Brunello, Marina"]
[Black "Panella, Fiammetta"]
[Result "0-1"]
[WhiteElo "1667"]
[BlackElo "1922"]
[PlyCount "68"]
[EventDate "2005.08.20"]

1. e4 c5 2. Nf3 e6 3. d4 cxd4 4. Nxd4 a6 5. Nc3 Qc7 6. Be3 Bb4 7. Bd2 Nf6 8. f3
Nc6 9. Nb3 Be7 10. Be3 O-O 11. Qd2 b5 12. g4 Ne5 13. Nd4 d6 14. Bd3 Bb7 15. h4
Nc4 16. Bxc4 Qxc4 17. h5 g6 18. hxg6 fxg6 19. O-O-O b4 20. Nb1 e5 21. Ne2 Rad8
22. Ng3 Nd7 23. Qh2 Rf7 24. Rd2 a5 25. b3 Qc7 26. Rg2 a4 27. Qg1 axb3 28. axb3
d5 29. g5 Nc5 30. Bxc5 Bxc5 31. Qe1 Rxf3 32. Re2 Ba6 33. Rg2 Rxb3 34. Nf1 Bxf1
0-1

[Event "XXXII C.to Italiano femminile"]
[Site "Bratto - Castione della Presolana ITA"]
[Date "2005.08.23"]
[Round "4"]
[White "Brunello, Roberta"]
[Black "Varagnolo, Silvia"]
[Result "1-0"]
[WhiteElo "1837"]
[BlackElo "1643"]
[PlyCount "123"]
[EventDate "2005.08.20"]

1. e4 c6 2. d4 d5 3. e5 Bf5 4. Nf3 e6 5. Be2 Nd7 6. c3 c5 7. Nbd2 Ne7 8. Nf1 h6
9. Nh4 Be4 10. f4 Nc6 11. Nf3 cxd4 12. Bd3 Bxd3 13. Qxd3 dxc3 14. bxc3 Nc5 15.
Qc2 Rc8 16. N1d2 Qa5 17. Nd4 Na4 18. Ne2 Ne7 19. Nb3 Qc7 20. Bd2 Nf5 21. Nbd4
Nxd4 22. Qxa4+ Nc6 23. Nd4 Qa5 24. Qb3 Qa6 25. Rb1 b6 26. Nb5 Be7 27. O-O O-O
28. Kh1 Qb7 29. a4 Na5 30. Qd1 Nc4 31. h3 Bc5 32. Qe2 Rfd8 33. f5 Nxd2 34. Qxd2
a6 35. Nd4 exf5 36. Nxf5 Qc6 37. Qf4 Rf8 38. Rf3 Rc7 39. Rg3 g5 40. Nxh6+ Qxh6
41. Rxg5+ Kh7 42. Qf5+ Kh8 43. Rh5 Qxh5 44. Qxh5+ Kg7 45. Rf1 Rc6 46. Rf4 Rh6
47. Rg4+ Kh7 48. Qf5+ Rg6 49. Rxg6 fxg6 50. Qd7+ Kh6 51. Qxd5 Rf1+ 52. Kh2 Bg1+
53. Kg3 Bf2+ 54. Kg4 Be3 55. Qe4 Bc1 56. e6 Rf8 57. e7 Re8 58. c4 Bg5 59. Qe5
Bxe7 60. Qe6 Kg7 61. Qxb6 Bf6 62. Qxa6 1-0

[Event "XXXII C.to Italiano femminile"]
[Site "Bratto - Castione della Presolana ITA"]
[Date "2005.08.23"]
[Round "4"]
[White "Chierici, Marianna"]
[Black "Santurbano, Maria Vincenza"]
[Result "0-1"]
[WhiteElo "1700"]
[BlackElo "2001"]
[PlyCount "73"]
[EventDate "2005.08.20"]

1. e4 e5 2. Nf3 d6 3. d4 Nd7 4. Bc4 c6 5. Nc3 Be7 6. O-O Ngf6 7. Qe2 O-O 8. a4
Qc7 9. h3 a6 10. Bd2 exd4 11. Nxd4 Ne5 12. Ba2 c5 13. Nf5 Be6 14. f4 Nc6 15.
Nd5 Nxd5 16. Bxd5 Bf6 17. c3 Bxf5 18. exf5 Rfe8 19. Qh5 Rf8 20. Rae1 Ne7 21.
Rxe7 Qxe7 22. g4 Qe2 23. Rf2 Qd3 24. Bg2 g6 25. Qh6 Rae8 26. g5 Bg7 27. Qh4
Qxf5 28. Bxb7 Rb8 29. Bxa6 Rxb2 30. Qg3 Qb1+ 31. Kh2 Qd1 32. Qe3 Qxa4 33. Bf1
Re8 34. Qd3 Rxd2 35. Qxd2 Qb3 36. c4 Bd4 37. Re2 0-1

[Event "XXXII C.to Italiano femminile"]
[Site "Bratto - Castione della Presolana ITA"]
[Date "2005.08.23"]
[Round "4"]
[White "Di Cerbo, Giulia"]
[Black "De Rosa, Mariagrazia"]
[Result "1-0"]
[WhiteElo "1763"]
[BlackElo "2100"]
[PlyCount "107"]
[EventDate "2005.08.20"]

1. d4 g6 2. e4 Bg7 3. c3 d6 4. Bc4 Nf6 5. Nd2 O-O 6. Ngf3 c6 7. Bb3 Qc7 8. O-O
e5 9. dxe5 dxe5 10. Qe2 Nbd7 11. Bc2 Nh5 12. Nb3 a5 13. g3 a4 14. Nbd2 Nc5 15.
Nh4 b6 16. Rd1 Ba6 17. Qf3 Rad8 18. Nf1 Rxd1 19. Bxd1 Bd3 20. Nd2 Nf6 21. Bxa4
Nfxe4 22. Nxe4 Bxe4 23. Qe3 f5 24. Bb3+ Kh8 25. Nf3 f4 26. gxf4 Rxf4 27. Ng5
Rg4+ 28. Kf1 Bd3+ 29. Ke1 e4 30. Nf7+ Kg8 31. Nh6+ Kf8 32. Nxg4 h5 33. Qf4+
Qxf4 34. Bxf4 hxg4 35. Bd6+ Ke8 36. Bxc5 bxc5 37. Bd1 Be5 38. Bxg4 Bxh2 39. a4
Bb8 40. Be2 c4 41. a5 Ba7 42. Ra4 Kf7 43. Bxd3 cxd3 44. Rxe4 g5 45. Kd2 Bxf2
46. Kxd3 Kf6 47. Ke2 Ba7 48. Kf3 Kf5 49. Rc4 c5 50. b3 Ke5 51. Kg4 Kd5 52. Kxg5
Kc6 53. Kf5 Kb5 54. Ra4 1-0

[Event "XXXII C.to Italiano femminile"]
[Site "Bratto - Castione della Presolana ITA"]
[Date "2005.08.23"]
[Round "4"]
[White "Fittante, Giuliana"]
[Black "Reginato, Sabrina"]
[Result "1/2-1/2"]
[WhiteElo "1879"]
[BlackElo "1670"]
[PlyCount "89"]
[EventDate "2005.08.20"]

1. d4 d5 2. Nf3 Nf6 3. Bg5 e6 4. e3 Be7 5. Bd3 Nbd7 6. Nbd2 O-O 7. c3 c5 8. O-O
Re8 9. Rc1 b6 10. e4 dxe4 11. Nxe4 Bb7 12. Ng3 Bxf3 13. Qxf3 e5 14. Bxf6 Bxf6
15. Qg4 cxd4 16. cxd4 exd4 17. Qh3 g6 18. Bb5 Re7 19. Bc6 Rb8 20. Ne4 Bg7 21.
f4 Nf6 22. Qd3 Nxe4 23. Bxe4 f5 24. Qb3+ Kh8 25. Bd3 Re3 26. Rfd1 Qd7 27. Qc4
Qb7 28. Kf2 Bf6 29. Qc6 Qe7 30. Re1 Re8 31. Red1 h6 32. b3 Kg7 33. Qc7 Kf8 34.
Qxe7+ R8xe7 35. Rc8+ Kg7 36. Bc4 Rd7 37. Ra8 Rc3 38. Bd3 Kf7 39. g3 Re7 40.
Bc4+ Kg7 41. Rd2 Rd7 42. Ke2 Re7+ 43. Kd1 Rd7 44. Ke2 Re7+ 45. Kd1 1/2-1/2

[Event "XXXII C.to Italiano femminile"]
[Site "Bratto - Castione della Presolana ITA"]
[Date "2005.08.23"]
[Round "4"]
[White "Matta, Francesca"]
[Black "Lai, Silvia"]
[Result "1-0"]
[WhiteElo "1860"]
[BlackElo "1748"]
[PlyCount "73"]
[EventDate "2005.08.20"]

1. d4 d5 2. Nf3 Nf6 3. Bf4 Bf5 4. e3 e6 5. c3 Bd6 6. Bxd6 Qxd6 7. Bd3 Bxd3 8.
Qxd3 Nbd7 9. O-O O-O 10. Nbd2 e5 11. dxe5 Nxe5 12. Nxe5 Qxe5 13. Nf3 Qh5 14.
Rac1 Rfe8 15. c4 c6 16. cxd5 Nxd5 17. Rc4 f5 18. Re1 Rad8 19. Rd4 Kh8 20. Qd2
Re4 21. Qa5 Rd6 22. Qxa7 Rde6 23. Rxe4 fxe4 24. Nd4 Re7 25. Qb8+ Qe8 26. Qxe8+
Rxe8 27. a3 Ra8 28. f3 exf3 29. gxf3 Re8 30. Kf2 Kg8 31. f4 Kf7 32. Kf3 h6 33.
e4 Kf6 34. Rg1 Ne7 35. e5+ Kf7 36. Ke4 Nd5 37. Nf5 1-0

[Event "XXXII C.to Italiano femminile"]
[Site "Bratto - Castione della Presolana ITA"]
[Date "2005.08.23"]
[Round "4"]
[White "Mosca, Giulia"]
[Black "Costariol, Elena"]
[Result "1-0"]
[WhiteElo "1566"]
[BlackElo "1605"]
[PlyCount "115"]
[EventDate "2005.08.20"]

1. e4 c5 2. Nc3 Nc6 3. g3 g6 4. Bg2 Bg7 5. d3 d6 6. Be3 e5 7. Qd2 Nge7 8. Nge2
O-O 9. O-O a6 10. f4 b5 11. fxe5 Nxe5 12. Bh6 b4 13. Nd1 Qb6 14. Bxg7 Kxg7 15.
Kh1 Bb7 16. Ne3 a5 17. b3 a4 18. Rfd1 Rfd8 19. Nf4 a3 20. c3 Rac8 21. cxb4 cxb4
22. d4 Nd7 23. Nc4 Qc7 24. Qxb4 Nf6 25. d5 Ba6 26. Rac1 Qb8 27. Qxb8 Rxb8 28.
Nxa3 Ng4 29. Rd2 Ne5 30. Rdc2 Ra8 31. Nb1 Nd3 32. Nxd3 Bxd3 33. Rd2 Bxb1 34.
Rxb1 Rac8 35. Bf1 f5 36. exf5 Nxf5 37. Bh3 Rf8 38. Rf1 Rc5 39. Bxf5 gxf5 40.
Kg2 Kg6 41. Re1 Kf7 42. Kf3 Rd8 43. Kf4 Kg6 44. Re6+ Kf7 45. Kxf5 Rc1 46. a4
Rc3 47. b4 Rc4 48. Re4 Rdc8 49. Rdd4 Rc2 50. h4 Rf2+ 51. Rf4 Re2 52. Kg5+ Kg7
53. Rfe4 Rg2 54. Kg4 Rc3 55. Kf5 Rcxg3 56. Rg4+ Rxg4 57. Rxg4+ Rxg4 58. Kxg4
1-0

[Event "XXXII C.to Italiano femminile"]
[Site "Bratto - Castione della Presolana ITA"]
[Date "2005.08.23"]
[Round "4"]
[White "Rigo, Caterina"]
[Black "Merendino, Elda"]
[Result "1-0"]
[WhiteElo "1718"]
[BlackElo "1556"]
[PlyCount "85"]
[EventDate "2005.08.20"]

1. e4 d6 2. d4 Nf6 3. Nc3 g6 4. Nf3 Bg7 5. Bg5 O-O 6. Qd2 Nbd7 7. O-O-O c5 8.
Bh6 Nb6 9. Bxg7 Kxg7 10. dxc5 Nbd7 11. cxd6 e6 12. h3 a6 13. Qd4 Kg8 14. Qe3
Kg7 15. e5 Ng8 16. h4 b5 17. h5 h6 18. hxg6 fxg6 19. Bd3 Bb7 20. Be4 Bxe4 21.
Qxe4 Rb8 22. Qg4 Qe8 23. Rd2 a5 24. Nd4 Nxe5 25. Qxe6 Nc4 26. Re2 Qd8 27. Nc6
Qg5+ 28. Kb1 Rb7 29. Qd5 Qg4 30. Qd4+ Qxd4 31. Nxd4 b4 32. Na4 Rf6 33. Nc5 Ra7
34. Nde6+ Kf7 35. d7 Ra8 36. d8=Q Rxd8 37. Nxd8+ Kg7 38. Rd1 Nb6 39. Nd7 Nxd7
40. Rxd7+ Kh8 41. Nf7+ Kh7 42. Ng5+ Kh8 43. Rh7# 1-0

[Event "XXXII C.to Italiano femminile"]
[Site "Bratto - Castione della Presolana ITA"]
[Date "2005.08.23"]
[Round "4"]
[White "Tonel, Giulia"]
[Black "Tomba, Patrizia"]
[Result "1-0"]
[WhiteElo "1793"]
[BlackElo "1622"]
[PlyCount "61"]
[EventDate "2005.08.20"]

1. e4 e5 2. Nf3 Nc6 3. Bc4 Bc5 4. c3 Nf6 5. d3 d6 6. Nbd2 a6 7. Bb3 Bg4 8. O-O
O-O 9. Re1 Ne7 10. Nf1 h6 11. Ng3 Ng6 12. h3 Bd7 13. Nh2 Be6 14. Bc2 Nh7 15. d4
exd4 16. cxd4 Ba7 17. Be3 Ne7 18. Qd3 f5 19. Bd2 Qe8 20. exf5 Bxf5 21. Nxf5
Rxf5 22. Rxe7 Qxe7 23. Qxf5 Nf6 24. Re1 Qd8 25. Nf3 c6 26. g4 Qb6 27. Bc3 d5
28. h4 Rf8 29. Ne5 Qc7 30. Qe6+ Kh8 31. Ng6+ 1-0

[Event "XXXII C.to Italiano femminile"]
[Site "Bratto - Castione della Presolana ITA"]
[Date "2005.08.23"]
[Round "4"]
[White "Vocaturo, Ilaria"]
[Black "Borsato, Chiara"]
[Result "1-0"]
[WhiteElo "1448"]
[BlackElo "1649"]
[PlyCount "127"]
[EventDate "2005.08.20"]

1. d4 g6 2. Nf3 Bg7 3. c4 d6 4. Nc3 Nf6 5. e4 Bg4 6. Be2 O-O 7. Bg5 Bxf3 8.
Bxf3 Nbd7 9. O-O e5 10. d5 Nc5 11. Re1 Qd7 12. Be3 Rfe8 13. Bxc5 dxc5 14. Qd2
Rad8 15. Rad1 c6 16. Re2 cxd5 17. cxd5 a6 18. Rc1 b5 19. b3 Rc8 20. Qe1 c4 21.
bxc4 Rxc4 22. Rec2 Rec8 23. Be2 R4c5 24. Qd2 b4 25. Nd1 Nxe4 26. Qd3 f5 27. f3
Rxc2 28. Rxc2 Rxc2 29. Qxc2 Nf6 30. Bc4 Kf8 31. Qb3 a5 32. Kh1 f4 33. Nf2 Qa7
34. Nd1 Qd7 35. Nf2 g5 36. Nd3 Qd6 37. Nf2 h5 38. Qa4 Nxd5 39. Qxa5 Nc7 40. h3
Bf6 41. Ne4 Qd1+ 42. Kh2 Ne8 43. Nxf6 Nxf6 44. Qxb4+ Ke8 45. Qb8+ Qd8 46. Qxe5+
Qe7 47. Bb5+ Nd7 48. Qxe7+ Kxe7 49. Bxd7 Kxd7 50. a4 Kc7 51. h4 gxh4 52. Kh3
Kb6 53. Kxh4 Ka5 54. Kxh5 Kxa4 55. Kg4 Kb5 56. Kxf4 Kc6 57. g4 Kd7 58. Kf5 Ke7
59. g5 Kf7 60. f4 Kg7 61. g6 Kf8 62. Kf6 Kg8 63. g7 Kh7 64. Kf7 1-0

[Event "XXXII C.to Italiano femminile"]
[Site "Bratto - Castione della Presolana ITA"]
[Date "2005.08.24"]
[Round "5"]
[White "Costariol, Elena"]
[Black "Fittante, Giuliana"]
[Result "1/2-1/2"]
[WhiteElo "1605"]
[BlackElo "1879"]
[PlyCount "87"]
[EventDate "2005.08.20"]

1. e4 Nf6 2. e5 Nd5 3. d4 d6 4. c4 Nb6 5. exd6 exd6 6. Nc3 Be7 7. Bd3 Nc6 8.
Nge2 O-O 9. O-O d5 10. c5 Nc4 11. b3 N4a5 12. Be3 b6 13. Bc2 Bf6 14. cxb6 axb6
15. Nf4 Nb4 16. Rc1 Nxc2 17. Rxc2 c6 18. Qf3 Bf5 19. Rcc1 g6 20. Nce2 Qd7 21.
h3 Be4 22. Qg4 Qxg4 23. hxg4 g5 24. Nh5 Be7 25. Bd2 Bd3 26. Rfe1 Ba3 27. Rc3
Bb5 28. Rf3 c5 29. Rf5 h6 30. dxc5 bxc5 31. Rxd5 Bc6 32. Rd6 c4 33. b4 Rfd8 34.
Rxd8+ Rxd8 35. Bc3 Nb7 36. Neg3 Nd6 37. Nf6+ Kf8 38. Nh7+ Kg8 39. Nf6+ Kf8 40.
Ngh5 Nb5 41. Nh7+ Kg8 42. N7f6+ Kf8 43. Nh7+ Kg8 44. N7f6+ 1/2-1/2

[Event "XXXII C.to Italiano femminile"]
[Site "Bratto - Castione della Presolana ITA"]
[Date "2005.08.24"]
[Round "5"]
[White "De Rosa, Mariagrazia"]
[Black "Brunello, Marina"]
[Result "1-0"]
[WhiteElo "2100"]
[BlackElo "1667"]
[PlyCount "65"]
[EventDate "2005.08.20"]

1. e4 e5 2. Nf3 Nc6 3. d4 exd4 4. Nxd4 Bc5 5. Be3 Qf6 6. c3 Nge7 7. Bc4 Ne5 8.
Be2 Qg6 9. O-O d6 10. Bh5 Qxe4 11. Nd2 Qd3 12. Be2 Qg6 13. Nb5 Bxe3 14. Nxc7+
Kd8 15. Nxa8 Bh3 16. g3 Bxf1 17. Nxf1 Bh6 18. Qa4 N5c6 19. b4 Kd7 20. b5 Rxa8
21. bxc6+ Nxc6 22. Qb5 b6 23. Bf3 Rc8 24. a4 Qc2 25. Bg4+ Kc7 26. Bxc8 Qxc3 27.
Qa6 Ne5 28. Qb7+ Kd8 29. Rd1 Qc5 30. Bh3 f5 31. Qd5 Qc3 32. Qxd6+ Ke8 33. Qe6+
1-0

[Event "XXXII C.to Italiano femminile"]
[Site "Bratto - Castione della Presolana ITA"]
[Date "2005.08.24"]
[Round "5"]
[White "Merendino, Elda"]
[Black "Borsato, Chiara"]
[Result "1/2-1/2"]
[WhiteElo "1556"]
[BlackElo "1649"]
[PlyCount "105"]
[EventDate "2005.08.20"]

1. d3 g6 2. e4 d6 3. Nf3 Bg7 4. g3 Nf6 5. Bg2 Bg4 6. O-O O-O 7. Re1 Nc6 8. Nbd2
e5 9. c3 Qd7 10. b4 Rae8 11. b5 Ne7 12. a4 Nh5 13. Nf1 f5 14. Qb3+ Kh8 15. Ng5
Ng8 16. h3 h6 17. hxg4 fxg4 18. Ra2 hxg5 19. Re3 Bf6 20. f3 Nh6 21. fxg4 Qxg4
22. Bf3 Qe6 23. Qxe6 Rxe6 24. Bxh5 gxh5 25. Rh2 h4 26. Ree2 Kh7 27. gxh4 gxh4
28. Ref2 Rg8+ 29. Rfg2 Rxg2+ 30. Kxg2 Re7 31. Ne3 Rg7+ 32. Kf3 Rg3+ 33. Ke2 Ng4
34. Nxg4 Rxg4 35. Rh3 Kg6 36. Kf3 Kh5 37. Be3 b6 38. c4 Bg5 39. Bf2 Bf4 40. Be1
Kg5 41. Bf2 Kh5 42. Be1 Bg5 43. Bf2 Rf4+ 44. Kg2 Kg4 45. Be3 Rf6 46. Bg1 Bf4
47. Bf2 Rh6 48. Be1 Rh5 49. Bf2 Rh6 50. Be1 Bg5 51. Bf2 Rf6 52. Bg1 Rf4 53. Be3
1/2-1/2

[Event "XXXII C.to Italiano femminile"]
[Site "Bratto - Castione della Presolana ITA"]
[Date "2005.08.24"]
[Round "5"]
[White "Mosca, Giulia"]
[Black "Arnetta, Maria Teresa"]
[Result "0-1"]
[WhiteElo "1566"]
[BlackElo "2004"]
[PlyCount "80"]
[EventDate "2005.08.20"]

1. d4 Nf6 2. Nf3 e6 3. e3 c5 4. c3 Nc6 5. Bd3 d5 6. Nbd2 Be7 7. O-O O-O 8. Re1
b6 9. e4 cxd4 10. cxd4 dxe4 11. Nxe4 Nxd4 12. Bg5 Nf5 13. Nxf6+ Bxf6 14. Bxf5
Bxg5 15. Qxd8 Bxd8 16. Be4 Rb8 17. Rac1 Bf6 18. b3 Bb7 19. Bxb7 Rxb7 20. Red1
g6 21. g3 Kg7 22. Rc2 Re8 23. Rdc1 Rd7 24. Kf1 Red8 25. Ke2 Rd5 26. Rc7 R8d7
27. R7c4 Bb2 28. R1c2 Bf6 29. Rc1 Be7 30. R1c2 f5 31. Rc7 Kf6 32. R7c6 Bc5 33.
Rc4 a5 34. Rc3 Rd1 35. Rc2 g5 36. h3 Rh1 37. h4 h6 38. hxg5+ hxg5 39. Rd2 Rxd2+
40. Nxd2 Rh2 0-1

[Event "XXXII C.to Italiano femminile"]
[Site "Bratto - Castione della Presolana ITA"]
[Date "2005.08.24"]
[Round "5"]
[White "Panella, Fiammetta"]
[Black "Brunello, Roberta"]
[Result "1-0"]
[WhiteElo "1922"]
[BlackElo "1837"]
[PlyCount "43"]
[EventDate "2005.08.20"]

1. e4 e5 2. Nf3 Nc6 3. Bb5 d6 4. d4 Bd7 5. O-O Nf6 6. Nc3 Be7 7. Re1 exd4 8.
Nxd4 Nxd4 9. Qxd4 O-O 10. Bd3 Bc6 11. Nd5 Nd7 12. Bd2 Bxd5 13. exd5 Bf6 14. Qe4
g6 15. Qb4 Nc5 16. Bf1 c6 17. Rad1 Re8 18. Be3 Re4 19. Qd2 Bxb2 20. dxc6 bxc6
21. Bxc5 Rxe1 22. Qxe1 1-0